000
00319nam a2200121Ia 4500
008
210430s9999 xx 000 0 und d
082
_a
297 S2431 T
100
_a
M Sarwar
245
_a
Tumhara naam Muslim Hay /
_c
M Sarwar Khan
260
_a
karachi
_b
Qurain book foundation
_c
2011
300
_a
407p
942
_c
BK
_2
ddc
999
_c
564804
_d
564804